Beneath the Surface

Αποθηκεύτηκε σε:
Λεπτομέρειες βιβλιογραφικής εγγραφής
Κύριος συγγραφέας: Eckstut-Didier, Samuela
Άλλοι συγγραφείς: Lubelska, Diana
Μορφή: Βιβλίο
Γλώσσα:English
Δημοσίευση: England : Longman, 1992
Έκδοση:7th ed.
Θέματα:
Ετικέτες: Προσθήκη ετικέτας
Δεν υπάρχουν, Καταχωρήστε ετικέτα πρώτοι!

MARC

LEADER 00000nam a2200000 i 4500
001 1/20979
008 930901s1992 eng d
020 |a 0-582-79111-1 
035 |l 10021641 
040 |a GR-MY-UA  |b gre  |e aacr 
041 0 |a eng 
082 0 |a 428.24 
100 1 |a Eckstut-Didier, Samuela. 
245 1 0 |a Beneath the Surface /  |c Samuela Eckstut, Diana Lubelska 
250 |a 7th ed. 
260 |a England :   |b Longman,   |c 1992 
300 |c 24cm 
650 0 0 |a English language  |v Textbooks for foreign speakers. 
700 1 |a Lubelska, Diana. 
852 |a INST  |b CHIOS  |e 19930901  |h 428.24 ECK  |p 005200002115  |q 005200002115  |t BK  |y 0 
909 |a Χ  |b 024895